| 000 | 00522cam a2200217 4500 | ||
|---|---|---|---|
| 008 | 090401t1990 xxu||||| |||| 00| 0 eng d | ||
| 020 | _a0566090546 | ||
| 035 | _a(Sirsi) u18881 | ||
| 041 | _aeng | ||
| 050 | _a690.3 | ||
| 100 | _aDuncan, John M | ||
| 245 | _aQuality assurance in construction | ||
| 260 |
_aAldershot,Hants _bGower _c1990 |
||
| 300 | _a132p. ; 24cm. | ||
| 350 | _a25 | ||
| 650 | _aBUILDING INDUSTRY | ||
| 700 | _aThorpe, Brian | ||
| 700 | _aSumner, Peter | ||
| 942 | _n0 | ||
| 948 | _c04/03/1997 | ||
| 999 |
_c87631 _d87631 |
||